00450 a2200169 450000100060000002000060000604000220001210000250003424000320005924500270009130000080011836200090012665000100013594200070014595201110015299900170026359031 a  cAnchieta - Pituba aLopes, Kleyde Mendes10aO Olodum do Pelourinholpor10aO Olodum do Pelourinho a1540 a1996 4aBahia cBK 00104070a91.1b91.1d2023-11-21l0o981.42 L864o LOP OLOp9961/PITr2023-11-21 18:26:57w2023-11-21yBK c59031d59031